02574cam a22003974i 4500003000900000005001700009008004100026035002000067040003300087100003900120245027900159264001000438300002100448336002100469337002500490338002300515502005900538504002400597520131000621526001001931526001001941526000901951526000901960526000901969526000901978526000901987526000901996526000902005526000802014526000802022526000802030526000802038526000802046650007902054700004302133PE-LiUPU20250731165405.0151012s2015 pe grm 000 0 spa d a(Sirsi) a154802 aPE-LiUPUbspacPE-LiUPUerda1 aLeón Camacho, Anmie Nonoyeautor1 aFactores externos que dificultan la aplicación del proceso de atención de enfermería en los estudiantes de las especialidades en Enfermería de la Unidad de Posgrado de Ciencias de la Salud de la Universidad Peruana Unión, Lima - 2014 /cAnmie Nonoy León Camacho. 0c2015. a90 hojas;c30 cm atext2rdacontent aunmediated2rdamedia avolume2rdacarrier aTesisb(Lic.) -- cUniversidad Peruana Unión,d2015. aIncluye referencias3 aEl objetivo fue determinar el nivel de factores externos que dificultan la aplicación del PAE en los estudiantes de las especialidades en enfermería de la Unidad de Posgrado de Ciencias de la Salud de la UpeU, Lima - 2014. La metodología usada fue de diseño no experimental, enfoque cuantitativo, alcance descriptivo, corte transversal de muestreo no probabilístico por conveniencia. La muestra estuvo conformada por 170 profesionales de enfermería. Se utilizó un cuestionario modificado por las investigadoras, con una confiabilidad de 0.765. En los resultados, los profesionales de enfermería estuvieron entre desacuerdo y totalmente desacuerdo con: "las instituciones de salud donde labora el profesional de enfermería, reconoce el esfuerzo y dedicación por aplicar el PAE, 72.4%; "le alcanza el tiempo para realizar todas sus labores programadas", 73.5%; "número del profesional de enfermería que laboran en los servicios hospitalarios es suficiente para brindar un cuidado", 83%;"el profesional de enfermería tiene a cargo pocos pacientes lo cual facilita el proceso de atención a cada uno de ellos". Los aspectos mencionados dificultan la realización del PAE. La Conclusión fue que los factores externos dificultan la aplicación del PAE en un nivel medio con 47,6%. aSEG44 aSEG26 aP151 aP150 aP149 aP146 aP145 aP126 aP125 aP92 aP75 aP74 aP27 aP1504aEstudiantes (Universidad Peuana Unión, Unidad de Posgrado)xEnfermería1 aTarrillo Mozombite, Harvia Gabyeautor